[Event "Benidorm op"]
[Site "Benidorm"]
[Date "1993.??.??"]
[Round "6"]
[White "Hebden, Mark"]
[Black "Pogorelov, Ruslan"]
[Result "1/2-1/2"]
[WhiteElo "2520"]
[BlackElo "2400"]

1.d4 Nf6 2.Nf3 e6 3.c4 b6 4.g3 Ba6 5.b3 Bb4+ 6.Bd2 Be7 7.Bg2 c6 8.Bc3 d5
9.Ne5 Nfd7 10.Nxd7 Nxd7 11.O-O O-O 12.Nd2 Rc8 13.e4 c5 14.exd5 exd5 15.dxc5 dxc4
16.c6 cxb3 17.Re1 Bb5 18.axb3 Bxc6 19.Bxc6 Rxc6 20.Rxa7 Bf6 21.Ne4 Bxc3 22.Rxd7 Qc8
23.Re3 Bb4 24.Qd5 Rc1+ 25.Kg2 Qc6 26.Rd3 h6 27.Rb7 Qg6 28.Rd4 Bc5 29.Nxc5 bxc5
30.Rf4 Rc2 31.Rc7 Qe6 32.Qf3 Rb2 33.Rb7 Rc2 34.h4 Rc1 35.Re4 Qd5 36.Re3 Qxf3+
37.Kxf3 Rc2 38.Rc7 g6 39.Kg2 Kg7 40.Re4 Rc3 41.Rb7 h5 42.Rf4 Rd3 43.Rc4 Rd5
44.Rb5 Rc8 45.Rb7 Re8 46.Rf4 Rf5 47.Rxf5 gxf5 48.Kf3 Kg6 49.Rc7  1/2-1/2

[Event "Berliner Sommer"]
[Site "Berlin"]
[Date "1993.??.??"]
[Round "?"]
[White "Chuchelov, Vladimir"]
[Black "Genov, Petar"]
[Result "1/2-1/2"]
[WhiteElo "2510"]
[BlackElo "2435"]

1.d4 Nf6 2.Nf3 e6 3.c4 b6 4.g3 Ba6 5.b3 d5 6.Bg2 dxc4 7.Ne5 Bb4+ 8.Kf1 Bd6
9.Nxc4 Nd5 10.Nxd6+ cxd6 11.Bb2 Nd7 12.Nc3 N7f6 13.Bf3 O-O 14.Kg2 Nxc3 15.Bxc3 Nd5
16.Bb2 f5 17.Qd2 Bb7 18.Rac1 Qd7 19.Rc2 Rac8 20.Rhc1 Rxc2 21.Rxc2 Rc8 22.Rxc8+ Qxc8
23.Ba3 Qd7 24.Bxd5 Bxd5+ 25.f3 a5 26.Qf4 h6 27.Qxd6 Qxd6 28.Bxd6 a4 29.bxa4 Bxa2
30.Bc7 Bb3 31.Bxb6 Bxa4 32.h4 g6 33.g4 fxg4 34.fxg4 h5 35.g5 Bc6+ 36.Kg3 e5
37.e3 Kf7  1/2-1/2

[Event "Bern op"]
[Site "Bern"]
[Date "1993.??.??"]
[Round "2"]
[White "Eingorn, Vereslav S"]
[Black "Fejzullahu, Afrim"]
[Result "1-0"]
[WhiteElo "2575"]
[BlackElo "2290"]

1.d4 Nf6 2.Nf3 e6 3.c4 b6 4.g3 Ba6 5.b3 Bb7 6.Bg2 Bb4+ 7.Bd2 a5 8.O-O O-O
9.Bf4 d5 10.Ne5 Be7 11.Nc3 Nbd7 12.Rc1 Rc8 13.cxd5 exd5 14.Bh3 Ra8 15.Nb5 c5
16.Nxd7 Nxd7 17.Bc7 Qc8 18.dxc5 bxc5 19.Bd6 Qd8 20.Bxe7 Qxe7 21.Bxd7 Qxd7
22.Rxc5 Rac8 23.Rxc8 Rxc8 24.Nd4 g6 25.Qd2 Qg4 26.f3 Qh3 27.Rc1 h5 28.Rxc8+ Qxc8
29.Qxa5 Qc1+ 30.Kg2 Kg7 31.Qb5 Bc8 32.Qc6 Bh3+ 33.Kxh3 Qf1+ 34.Kh4 Qf2 35.Ne6+ fxe6
36.Qc7+ Kf6 37.Qd8+ Ke5 38.Qb8+ Kf6 39.Qf8+  1-0

[Event "Bern op"]
[Site "Bern"]
[Date "1993.??.??"]
[Round "2"]
[White "Sutter, Oliver"]
[Black "Lerner, Konstantin Z"]
[Result "0-1"]
[WhiteElo "2245"]
[BlackElo "2530"]

1.d4 Nf6 2.c4 e6 3.Nf3 b6 4.g3 Ba6 5.b3 Bb4+ 6.Bd2 Be7 7.Bg2 c6 8.Bc3 d5
9.Ne5 Nfd7 10.Nxd7 Nxd7 11.Nd2 O-O 12.O-O Rc8 13.e4 b5 14.Re1 bxc4 15.bxc4 dxc4
16.Qa4 Bb5 17.Qc2 Qc7 18.a4 Ba6 19.Rad1 Rfd8 20.a5 Nf6 21.Nf1 Rb8 22.Ne3 Bb4
23.Rb1 Bxa5 24.Bxa5 Qxa5 25.Nxc4 Bxc4 26.Qxc4 Rxb1 27.Rxb1 Qd2 28.Qb4 Qxb4
29.Rxb4 Kf8 30.Kf1 Ke7 31.Ke2 a5 32.Rc4 Kd7 33.Ra4 Ra8 34.Kd3 Kc7 35.Kc4 Nd7
36.Ra3 e5 37.d5 Kd6 38.Rb3 cxd5+ 39.exd5 Rc8+ 40.Kb5 Rb8+ 41.Ka4 Nc5+  0-1

[Event "Bern op"]
[Site "Bern"]
[Date "1993.??.??"]
[Round "2"]
[White "Vyzmanavin, Alexey"]
[Black "Ilijin, Neboisa"]
[Result "1/2-1/2"]
[WhiteElo "2620"]
[BlackElo "2290"]

1.d4 Nf6 2.c4 e6 3.Nf3 b6 4.g3 Ba6 5.b3 Bb4+ 6.Bd2 Be7 7.Bg2 c6 8.O-O d5
9.Nc3 Nbd7 10.Bf4 Rc8 11.Qd3 O-O 12.Rfd1 c5 13.Nb5 Bxb5 14.cxb5 cxd4 15.Nxd4 e5
16.Nc6 Rxc6 17.bxc6 Nc5 18.Qf5 exf4 19.Bxd5 Qc8 20.Qe5 Re8 21.Bf3 fxg3 22.hxg3 Bf8
23.Qf4 Nce4 24.Rac1 g5 25.Qe3 h6 26.Bxe4 Nxe4 27.c7 Bc5 28.Rxc5 bxc5 29.Rd8 Rxd8
30.cxd8=Q+ Qxd8 31.Qxe4 Qb6 32.Kg2 Kg7 33.Qd5 Qa5 34.a4 Qc3 35.e3 a5 36.g4 Qc1
37.Qe5+ Kg6 38.Qd6+ Kg7 39.Qd3 Qa1 40.Qc4 Qe5  1/2-1/2

[Event "Bern op"]
[Site "Bern"]
[Date "1993.??.??"]
[Round "4"]
[White "Roeder, Mathias"]
[Black "Hort, Vlastimil"]
[Result "1-0"]
[WhiteElo "2405"]
[BlackElo "2545"]

1.d4 Nf6 2.c4 e6 3.Nf3 b6 4.g3 Ba6 5.b3 Bb4+ 6.Bd2 Be7 7.Bg2 c6 8.Bc3 Ne4
9.Bb2 d5 10.Nfd2 Nd6 11.Na3 Nd7 12.e4 dxe4 13.Nxe4 Nxe4 14.Bxe4 Bb4+ 15.Kf1 Qc7
16.Nb5 Qc8 17.Qf3 cxb5 18.Bxa8 bxc4 19.bxc4 O-O 20.Bc6 Bxc4+ 21.Kg2 b5 22.Rhc1 Nb6
23.d5 Rd8 24.a4 exd5 25.axb5 Qc7 26.Bd4 Kh8 27.Qe3 Rc8 28.h4 Kg8 29.Kh2 Rf8
30.Ra6 Qb8 31.Qg5 f6 32.Qf5  1-0

[Event "Bern op"]
[Site "Bern"]
[Date "1993.??.??"]
[Round "6"]
[White "Roeder, Mathias"]
[Black "Jurek, Josef"]
[Result "1-0"]
[WhiteElo "2405"]
[BlackElo "2280"]

1.d4 Nf6 2.c4 e6 3.Nf3 b6 4.g3 Ba6 5.b3 Bb4+ 6.Bd2 Be7 7.Bg2 c6 8.Bc3 d5
9.Nbd2 Nbd7 10.O-O O-O 11.Re1 c5 12.e4 dxc4 13.bxc4 cxd4 14.Nxd4 Ne5 15.Nxe6 fxe6
16.Bxe5 Bc5 17.Rf1 Qd3 18.Bf4 e5 19.Bxe5 Rad8 20.Bf4 Bb4 21.e5 Bxd2 22.Bxd2 Bxc4
23.exf6 Qf5 24.fxg7 Rf7 25.Qe1 Rd6 26.Bf4  1-0

[Event "Bled op"]
[Site "Bled"]
[Date "1993.??.??"]
[Round "?"]
[White "Stajcic, Nikola"]
[Black "Lejlic, Samir"]
[Result "1-0"]
[WhiteElo "2270"]
[BlackElo "2445"]

1.c4 Nf6 2.Nf3 e6 3.d4 b6 4.g3 Ba6 5.Qb3 Nc6 6.Nbd2 Bb7 7.e4 a5 8.a3 a4 9.Qc2 Na5
10.Bd3 Nb3 11.Nxb3 axb3 12.Qe2 Be7 13.e5 Ng4 14.h3 Nh6 15.Be4 Qc8 16.Bxh6 gxh6
17.O-O Ra4 18.Bxb7 Qxb7 19.Rac1 c5 20.Rfd1 O-O 21.d5 f6 22.Rc3 fxe5 23.Nxe5 Bf6
24.dxe6 dxe6 25.Qg4+ Qg7 26.Qxe6+ Kh8 27.Rd7 Bxe5 28.Rxg7 Bxc3 29.Rf7 Rxf7
30.Qxf7 Ra8 31.Qf3  1-0

[Event "Brno-C"]
[Site "Brno"]
[Date "1993.??.??"]
[Round "?"]
[White "Meissner, Bernd Guenther"]
[Black "Roederer, Kai"]
[Result "1/2-1/2"]
[WhiteElo "2285"]
[BlackElo "2260"]

1.d4 Nf6 2.c4 e6 3.Nf3 b6 4.g3 Ba6 5.Nbd2 b5 6.cxb5 Bxb5 7.Bg2 a5 8.O-O c5
9.Ne5 Ra7 10.dxc5 Bxc5 11.Nb3 Bb6 12.Nd4 Ba6 13.b3 Qe7 14.Bb2 O-O 15.Rc1 Rc7
16.Qd2 Rfc8 17.Bf3 Ne8 18.Rxc7 Rxc7 19.Rc1 Qd6 20.Rxc7 Nxc7 21.Nc4 Bxc4 22.bxc4 Qc5
23.e3 Qxc4 24.Nb3 d5 25.e4 Nd7 26.exd5 Nxd5 27.Nxa5 Qxa2 28.Nc6 Bc5 29.Kg2 Bf8
30.Qd4 N5f6 31.Qc3 Qb1 32.Qd2 Qf5 33.h3 h5 34.Nd4 Qc5 35.Nb3 Qb5 36.Nd4 Qb8
37.Qg5 Qe5 38.Qxe5 Nxe5 39.Nxe6 Nxf3 40.Nxf8 Ne1+ 41.Kf1  1/2-1/2

[Event "Bucharest"]
[Site "Bucharest"]
[Date "1993.??.??"]
[Round "?"]
[White "Neverov, Valeriy"]
[Black "Gagarin, Vasilij"]
[Result "1-0"]
[WhiteElo "2550"]
[BlackElo "2450"]

1.d4 Nf6 2.c4 e6 3.Nf3 b6 4.g3 Ba6 5.b3 Bb4+ 6.Bd2 Be7 7.Bg2 c6 8.Bc3 Ne4
9.Bb2 d5 10.O-O O-O 11.Nbd2 Nxd2 12.Nxd2 f5 13.Qc2 Bb7 14.Rfd1 Nd7 15.e3 Bd6
16.a4 a5 17.Ba3 Bxa3 18.Rxa3 Qe7 19.Raa1 Rac8 20.Rac1 Ba6 21.Nf3 Rfd8 22.Qa2 Kh8
23.Ne1 dxc4 24.bxc4 e5 25.Nd3 e4 26.Nf4 g5 27.Ne2 Qf7 28.g4 fxg4 29.Ng3 Nf6
30.Qb2 Kg8 31.d5 cxd5 32.Qxb6 Bb7 33.Nf5 Kh8 34.cxd5 Rxd5 35.Nd6 Qd7 36.Rxc8+ Bxc8
37.Rxd5 Nxd5 38.Qd4+ Qg7 39.Qxd5  1-0

[Event "Bucharest Tim"]
[Site "Bucharest"]
[Date "1993.??.??"]
[Round "1"]
[White "Itkis, Boris"]
[Black "Cosma, Ioan"]
[Result "1/2-1/2"]
[WhiteElo "2435"]
[BlackElo "2365"]

1.d4 Nf6 2.c4 e6 3.Nf3 b6 4.g3 Ba6 5.b3 Bb4+ 6.Bd2 Be7 7.Bg2 c6 8.Ne5 d5
9.a4 Nfd7 10.Nd3 dxc4 11.Nb4 cxb3 12.Bxc6 Nxc6 13.Nxc6 Qc7 14.Nxe7 Kxe7 15.Qxb3 Rhc8
16.Qb4+ Ke8 17.Nc3 Qc4 18.Qxc4 Rxc4 19.e3 Nf6 20.Nb5 Kd7 21.f3 Nd5 22.Kd1 f5
23.Ra3 Rac8 24.Re1 Bb7 25.Nxa7 Ra8 26.Nb5 Nc7 27.Nc3 Bxf3+ 28.Kc2 Nb5 29.Rb3 Be4+
30.Kc1 Nxc3 31.Bxc3 Raxa4 32.Kb2 Bd5 33.Rc1 Rc8 34.Ra3 Rxa3 35.Kxa3 Rc4 36.Bd2 Kc6
37.Rxc4+ Bxc4 38.h4 Kd5 39.Bb4 Ke4 40.Bf8 g6 41.Bh6 Kf3 42.Bf4 Ke4 43.Kb4 Bf1
44.Kc3 Kd5 45.Kb4 Be2 46.Kc3 Bf3 47.Kb4 Kc6 48.Be5 Bh5 49.Bf4 Bg4 50.Be5 Bh5
51.Bf4 Bf3 52.Be5 Bg4 53.Bf4 Bh3 54.Be5 Kb7 55.Bf4 Bg2 56.Be5 Bh3 57.Bf4 Bg2
58.Be5 Bh1 59.Bf4 Ka6 60.Bg5 Kb7 61.Kb5 Be4 62.Bf4 Bd3+ 63.Kb4 Kc6 64.Kc3 Ba6
65.Kb4 Bc8 66.Kc4 Bd7 67.Be5 b5+ 68.Kb4 Kd5 69.Bf4 Ke4 70.Kc5 Kf3 71.Kb4 Ke2
72.Kc3 Kd1 73.Bg5 Bc6 74.Bh6 Be8 75.Bg5 Bd7 76.Bh6 Ke1 77.Bg5 Kf1 78.Bh6 Kg1
79.Bf4 Kf2 80.Kb4 Ke2 81.Kc3 Kf3 82.Kb4 Kg4 83.Kc3 Bc6  1/2-1/2

[Event "Bucharest (Women)"]
[Site "Bucharest"]
[Date "1993.??.??"]
[Round "5"]
[White "Roizen, Nadejda"]
[Black "Sasu Ducsoara, Andrea"]
[Result "1-0"]
[WhiteElo "2210"]
[BlackElo "2070"]

1.d4 Nf6 2.c4 b6 3.Nf3 e6 4.g3 Ba6 5.Qa4 Be7 6.Bg2 Bb7 7.O-O O-O 8.Nc3 d5
9.Ne5 c6 10.Rd1 a6 11.Qc2 Nbd7 12.e4 Rc8 13.Nxd7 Qxd7 14.e5 Ne8 15.Na4 Bd8
16.b3 f6 17.exf6 Nxf6 18.Re1 Re8 19.Bh3 c5 20.Qe2 Kf7 21.dxc5 dxc4 22.Nxb6 Qc6
23.f3 Bxb6 24.cxb6 cxb3 25.axb3 Qxb6+ 26.Qe3 Rc6 27.Qxb6 Rxb6 28.Re3 Bd5
29.Bd2 Rc8 30.b4 Rc2 31.Be1 Bc4 32.Rc3 Rxc3 33.Bxc3 Nd5 34.Bd2 Nxb4 35.Ra4 a5
36.Rxa5 Nd5 37.Ra7+ Kf6 38.Ra1 Rb2 39.Ba5 Kf7 40.Re1 Re2 41.Rc1 Bd3 42.f4 Ra2
43.Be1 Bf5 44.Bxf5 exf5 45.Rd1 Nf6 46.Rd2 Rxd2 47.Bxd2 g6 48.Kg2 Ke6 49.Kf3 Ng4
50.h3 Nf6 51.Ke3 Kd5 52.Kd3 Ne4 53.Be1 h5 54.Ke3 Kc4 55.g4 Nf6 56.gxf5 gxf5
57.Bh4 Nd5+ 58.Kf3  1-0

[Event "Bucharest Tim"]
[Site "Bucharest"]
[Date "1993.??.??"]
[Round "11"]
[White "Cosma, Ioan"]
[Black "Chachere, Lawrence"]
[Result "1/2-1/2"]
[WhiteElo "2365"]
[BlackElo "2225"]

1.d4 Nf6 2.c4 e6 3.Nf3 b6 4.g3 Ba6 5.Qa4 c5 6.Bg2 Bb7 7.O-O cxd4 8.Nxd4 Bxg2
9.Kxg2 Qc7 10.Rd1 a6 11.f3 Nc6 12.Nxc6 Qxc6 13.Qxc6 dxc6 14.Bf4 Nd7 15.Nc3 e5
16.Be3 O-O-O 17.Ne4 f6 18.f4 Bc5 19.Nxc5 Nxc5 20.fxe5 fxe5 21.b3 Kc7 22.Bg5 Rxd1
23.Rxd1 Re8 24.Rf1 Kd6 25.Rf7 Ne6 26.Bd2 Re7 27.Rf1 Nc5 28.Be3 Nd7 29.g4 Ke6
30.b4 b5 31.Rc1 Kf7 32.g5 e4 33.Bd4 Ne5 34.Bxe5 Rxe5 35.h4 Re6 36.c5 Kg6
37.Rd1 Kf5 38.Kg3 h6 39.Rf1+ Ke5 40.Rf7 hxg5 41.hxg5 Kd4 42.Kf4 Kc3 43.Rxg7 Kxb4
44.Kf5 Re8 45.g6 Kxc5 46.Rf7 Kd4 47.g7 Rg8 48.Re7 e3 49.Rd7+ Kc3 50.Kf6 c5
51.Kf7 Rxg7+ 52.Kxg7 c4 53.Kf6 Kb2 54.Ke5 c3 55.Kd4 c2 56.Rc7 c1=Q 57.Rxc1 Kxc1
58.Kxe3 b4 59.Kf2 Kb2 60.e4 Kxa2 61.e5 b3 62.e6 b2 63.e7 b1=Q 64.e8=Q Qb2+
65.Ke1  1/2-1/2

[Event "Budapest FS02 IM"]
[Site "Budapest"]
[Date "1993.??.??"]
[Round "?"]
[White "Piankov, Evgenij"]
[Black "Keschitz, Gyorgy"]
[Result "1-0"]
[WhiteElo "2310"]
[BlackElo "2290"]

1.d4 Nf6 2.c4 e6 3.Nf3 b6 4.g3 Ba6 5.b3 Bb4+ 6.Bd2 Be7 7.Nc3 d5 8.cxd5 exd5
9.Bg2 O-O 10.O-O Re8 11.Re1 Ne4 12.Ne5 Bb7 13.Rc1 Nd7 14.Nxe4 Nxe5 15.Nc5 bxc5
16.dxe5 Bf8 17.Bc3 c6 18.e3 a5 19.a4 Qb6 20.Qd2 Bc8 21.Qc2 Be6 22.Bd2 Reb8
23.Rb1 Ra7 24.Bf1 g6 25.Bd3 Rab7 26.h4 Bg7 27.h5 Bxe5 28.hxg6 fxg6 29.Bxg6 Rg7
30.Bf5 Bxf5 31.Qxf5 Qc7 32.Qe6+ Kh8 33.Bxa5 Qd6 34.Qxd6 Bxd6 35.Bc3 d4 36.exd4 Bxg3
37.Kf1 Rf7 38.dxc5+ Kg8 39.Rb2 Bh4 40.Re6 Rf3 41.Re3 Rf5 42.b4 Rbf8 43.Be1 h5
44.Rbe2 Kg7 45.Re6 Bf6 46.Rxc6 h4 47.Kg2 h3+ 48.Kh2 Bd4 49.Re7+ Kg8 50.Rg6+ Kh8
51.Kxh3 Rh5+ 52.Kg2 Rh4 53.f3 Rhf4 54.Re4  1-0

[Event "Spring op"]
[Site "Budapest"]
[Date "1993.??.??"]
[Round "5"]
[White "Wohlfahrt, Herbert J"]
[Black "Fokin, Sergey"]
[Result "1/2-1/2"]
[WhiteElo "2230"]
[BlackElo "2420"]

1.d4 Nf6 2.Nf3 e6 3.c4 b6 4.g3 Ba6 5.b3 d5 6.cxd5 exd5 7.Bg2 Bb4+ 8.Bd2 Bd6
9.O-O Nbd7 10.Nc3 c6 11.Re1 O-O 12.Qc2 Rc8 13.Rad1 Re8 14.e4 dxe4 15.Nxe4 Nxe4
16.Rxe4 Rxe4 17.Qxe4 Bb7 18.Ne5 Nf6 19.Qe2 Nd5 20.Re1 Rc7 21.Nc4 Re7 22.Nxd6 Rxe2
23.Rxe2 Qxd6 24.Re8+ Qf8 25.Rxf8+ Kxf8 26.Bxd5 cxd5  1/2-1/2

[Event "Spring op"]
[Site "Budapest"]
[Date "1993.??.??"]
[Round "5"]
[White "Blasovszky, Istvan"]
[Black "Heidenfeld, Mark"]
[Result "1-0"]
[WhiteElo "2265"]
[BlackElo "2280"]

1.d4 Nf6 2.c4 e6 3.Nf3 b6 4.g3 Ba6 5.b3 Bb7 6.Bg2 Bb4+ 7.Bd2 a5 8.O-O O-O
9.Nc3 Ne4 10.Nxe4 Bxe4 11.a3 Be7 12.Bc3 d5 13.Bb2 a4 14.Ne5 Bxg2 15.Kxg2 Bf6
16.Rc1 axb3 17.Qxb3 Bxe5 18.dxe5 dxc4 19.Qxc4 Na6 20.Rfd1 Qc8 21.Bd4 Rd8
22.Be3 Rd7 23.Qg4 Rxd1 24.Rxd1 Qf8 25.Qf3 Rd8 26.Rd3 h6 27.Qg4 Rxd3 28.exd3 h5
29.Qa4 Nc5 30.Bxc5 Qxc5 31.d4 Qd5+ 32.f3 b5 33.Qb4 Qa2+ 34.Kh3 Qe2 35.Qc3 Kh7
36.f4 Qf1+ 37.Kh4 Qe2 38.Kh3 Qf1+ 39.Kh4 Qf3 40.Qxf3  1-0

[Event "Budapest FS10 GM"]
[Site "Budapest"]
[Date "1993.??.??"]
[Round "7"]
[White "Avrukh, Boris"]
[Black "Kalesis, Nikolaos"]
[Result "1-0"]
[WhiteElo "2440"]
[BlackElo "2410"]

1.d4 Nf6 2.c4 e6 3.Nf3 b6 4.g3 Ba6 5.b3 Bb4+ 6.Bd2 Be7 7.Bg2 c6 8.Bc3 d5
9.Ne5 Nfd7 10.Nxd7 Nxd7 11.Nd2 Rc8 12.O-O O-O 13.e4 b5 14.Re1 dxe4 15.Nxe4 bxc4
16.Qe2 c5 17.dxc5 Nxc5 18.Nxc5 Rxc5 19.b4 Rc7 20.Rad1 Rd7 21.Qg4 g6 22.a4 Rxd1
23.Rxd1 Qc7 24.Qd4 e5 25.Qd7 Bd8 26.Qd5 Re8 27.b5 Bc8 28.Bxe5 Qe7 29.Bc3 Be6
30.Qd4 f6 31.a5 Bc7 32.Qxa7 Bg4 33.Bd5+  1-0

[Event "Elekes mem"]
[Site "Budapest"]
[Date "1993.??.??"]
[Round "8"]
[White "Dinstuhl, Volkmar"]
[Black "Contin, Daniel"]
[Result "1-0"]
[WhiteElo "2360"]
[BlackElo "2395"]

1.d4 Nf6 2.c4 e6 3.Nf3 b6 4.g3 Ba6 5.Qa4 Bb7 6.Bg2 c5 7.dxc5 Bxc5 8.O-O O-O
9.Nc3 Be7 10.Rd1 Na6 11.Be3 Nc5 12.Qc2 Qc8 13.Bd4 Nce4 14.Rac1 Rd8 15.Qd3 d6
16.b3 Nxc3 17.Bxc3 Be4 18.Qe3 Qb7 19.Bh3 Bxf3 20.exf3 d5 21.cxd5 Nxd5 22.Qe4 Qa6
23.Ba1 Nf6 24.Qc2 Rdc8 25.Qb1 Nd5 26.Bf1 Qa5 27.Bc4 Nf6 28.Kg2 b5 29.Bd3 h6
30.Be5 Nd5 31.Bh7+ Kf8 32.Be4 Rxc1 33.Rxc1 Qd2 34.Kg1 Rd8 35.Rd1 Qe2 36.Qa1 f6
37.Bd4 a5 38.Rc1 Kf7 39.Rc2  1-0

[Event "Budapest FS08 GM"]
[Site "Budapest"]
[Date "1993.??.??"]
[Round "11"]
[White "Almasi, Istvan"]
[Black "Fogarasi, Tibor"]
[Result "1/2-1/2"]
[WhiteElo "2400"]
[BlackElo "2440"]

1.c4 Nf6 2.Nf3 e6 3.d4 b6 4.g3 Ba6 5.b3 Bb4+ 6.Bd2 Be7 7.Bc3 O-O 8.Bg2 Bb7
9.Nbd2 d5 10.cxd5 exd5 11.O-O c5  1/2-1/2

[Event "Budapest FS09 GM"]
[Site "Budapest"]
[Date "1993.??.??"]
[Round "11"]
[White "Soffer, Ram"]
[Black "Unzicker, Ferdinand"]
[Result "1-0"]
[WhiteElo "2450"]
[BlackElo "2335"]

1.c4 Nf6 2.Nf3 e6 3.d4 b6 4.g3 Ba6 5.b3 Bb4+ 6.Bd2 Be7 7.Bg2 c6 8.Bc3 d5
9.Ne5 Nfd7 10.Nxd7 Nxd7 11.Nd2 f5 12.a4 O-O 13.b4 Rc8 14.Qb3 Nf6 15.O-O Ne4
16.cxd5 cxd5 17.Bxe4 fxe4 18.b5 Bb7 19.Bb4 Rc7 20.Rac1 Bxb4 21.Qxb4 Rcf7
22.f4 g5 23.e3 gxf4 24.Rxf4 Rxf4 25.exf4 Qd7 26.Nf1 Qg7 27.Qd2 Rf7 28.Rc3 Kf8
29.Qe3 Ke8 30.Qd2 Kd8 31.Rc1 Rc7 32.Rxc7 Qxc7 33.Ne3 a6 34.Kf2 axb5 35.axb5 Bc8
36.Qb4 Bd7 37.f5 exf5 38.Qf8+ Be8 39.Qf6+ Qe7 40.Qxb6+ Qc7 41.Qf6+ Qe7 42.Nxd5 Qxf6
43.Nxf6 Bxb5 44.Nxh7 Ke7 45.Ng5 Kf6 46.Nh3 Kg6 47.Ke3 Bf1 48.Nf4+ Kg5 49.h3 Kf6
50.h4 Bb5 51.Nd5+ Kg6 52.Kf4 Bd7 53.Ke5 Bc8 54.Nf4+ Kf7 55.d5 Bd7 56.Kd6 Bb5
57.Kc7 e3 58.d6  1-0

[Event "Budapest FS12 GM"]
[Site "Budapest"]
[Date "1993.??.??"]
[Round "11"]
[White "Gonzalez Garcia, Jose"]
[Black "Lengyel, Levente"]
[Result "1/2-1/2"]
[WhiteElo "2380"]
[BlackElo "2380"]

1.d4 Nf6 2.c4 e6 3.Nf3 b6 4.g3 Ba6 5.b3 Bb7 6.Bg2 Bb4+ 7.Bd2 a5 8.O-O O-O
9.Qc2 h6 10.a3 Be7 11.Nc3  1/2-1/2

[Event "Buenos Aires op2"]
[Site "Buenos Aires"]
[Date "1993.??.??"]
[Round "4"]
[White "Tempone, Marcelo"]
[Black "Ginzburg, Maximiliano"]
[Result "1-0"]
[WhiteElo "2450"]
[BlackElo "2275"]

1.d4 Nf6 2.c4 e6 3.Nf3 b6 4.g3 Ba6 5.b3 Bb7 6.Bg2 Bb4+ 7.Bd2 a5 8.O-O O-O
9.a3 Bxd2 10.Nbxd2 c5 11.Qc2 Nc6 12.Qb2 Nxd4 13.Nxd4 Bxg2 14.Kxg2 cxd4 15.Qxd4 d5
16.Rfd1 Rc8 17.Rac1 Qd6 18.cxd5 exd5 19.Rxc8 Rxc8 20.Nc4  1-0

[Event "Buenos Aires FMD op"]
[Site "Buenos Aires"]
[Date "1993.??.??"]
[Round "9"]
[White "Ricardi, Pablo"]
[Black "Schweber, Samuel"]
[Result "1-0"]
[WhiteElo "2470"]
[BlackElo "2350"]

1.d4 Nf6 2.c4 e6 3.Nf3 b6 4.g3 Ba6 5.b3 Bb4+ 6.Bd2 Be7 7.Bg2 Bb7 8.O-O Ne4
9.Nc3 d5 10.Ne5 Nxc3 11.Bxc3 Nd7 12.Nd3 O-O 13.Rc1 a5 14.Re1 Nf6 15.Bb2 Bb4
16.Rf1 Qe7 17.Rc2 Ba3 18.Bxa3 Qxa3 19.Qc1 Qxc1 20.Rfxc1 c6 21.Ne5 Rfc8 22.e3 g5
23.Bf1 c5 24.cxd5 Bxd5 25.dxc5 Rxc5 26.Rxc5 bxc5 27.Rxc5 a4 28.bxa4 Rxa4
29.Rc8+ Kg7 30.Rc7 Kg8 31.f3 Rxa2 32.Rxf7 Ne8 33.e4 Bb3 34.Rb7 Ra3 35.Rb8 Ba4
36.Ra8 Ra1 37.Nc4 Rxf1+ 38.Kxf1 Bb5 39.Kf2  1-0

[Event "Buenos Aires Najdorf op"]
[Site "Buenos Aires"]
[Date "1993.??.??"]
[Round "11"]
[White "Quiroga, Facundo"]
[Black "Gomez Baillo, Jorge H"]
[Result "1-0"]
[WhiteElo "2265"]
[BlackElo "2395"]

1.Nf3 Nf6 2.c4 e6 3.d4 b6 4.g3 Ba6 5.Qc2 c5 6.d5 exd5 7.cxd5 g6 8.e4 Bxf1
9.Kxf1 d6 10.Kg2 Bg7 11.Nc3 O-O 12.Bf4 Nh5 13.Bg5 Qd7 14.Qd2 Na6 15.Rae1 Rae8
16.h3 b5 17.g4 b4 18.Nd1 Nf6 19.Qf4 Qd8 20.Nd2 Nc7 21.Re3 h6 22.Bxh6 Ncxd5
23.exd5 Nxd5 24.Qf3 Nxe3+ 25.Bxe3 Qc7 26.b3 d5 27.Bf4 Qc6 28.Ne3 Rd8 29.h4 Bc3
30.Ndf1 Qe6 31.Ng3 Rfe8 32.Rd1 Bd4 33.h5 Rd7 34.g5 Bxe3 35.Bxe3 d4 36.Bd2 Qd5
37.Qxd5 Rxd5 38.f3 f5 39.hxg6 Re6 40.Nh5 Rdd6 41.Kg3 Rxg6 42.Kf4 Ra6 43.Kxf5 Kf7
44.Nf4 Rgd6 45.Re1 Rxa2 46.g6+ Kf8 47.Ne6+ Kg8 48.Bf4 Rd5+ 49.Be5 Rg2 50.Nf4  1-0

[Event "Calcutta op"]
[Site "Calcutta"]
[Date "1993.??.??"]
[Round "3"]
[White "Najer, R."]
[Black "Prasad, Devaki V"]
[Result "0-1"]
[WhiteElo "2230"]
[BlackElo "2480"]

1.d4 e6 2.c4 Nf6 3.Nf3 b6 4.g3 Ba6 5.Qa4 c5 6.Bg2 Bb7 7.dxc5 bxc5 8.O-O Be7
9.Nc3 O-O 10.Rd1 Qb6 11.Bf4 d6 12.Rd2 h6 13.Qc2 e5 14.Be3 Nc6 15.Nh4 Nd4
16.Bxd4 cxd4 17.Nf5 Rfe8 18.Ne4 Nxe4 19.Bxe4 Bf8 20.g4 Rac8 21.Bxb7 Qxb7
22.Qd3 d5 23.Rc2 dxc4 24.Rxc4 Rxc4 25.Qxc4 Qxb2 26.Rc1 Qd2 27.Rb1 Qc3 28.Qd5 Qh3
29.f3 e4 30.Rb7 exf3 31.Qxf3 Qxf3 32.exf3 d3 33.Rd7 Re2 34.Rxd3 Bc5+ 35.Kf1 Rxa2
36.h4 a5 37.h5 a4 38.Rd8+ Kh7 39.Rc8 Rc2 40.Rc7 a3 41.Rxf7 a2  0-1

[Event "Capablanca mem-B"]
[Site "?"]
[Date "1993.??.??"]
[Round "5"]
[White "Toth, Christian Endre"]
[Black "Rodriguez, Amador"]
[Result "1/2-1/2"]
[WhiteElo "2420"]
[BlackElo "2480"]

1.d4 Nf6 2.c4 e6 3.Nf3 b6 4.g3 Ba6 5.Nbd2 Bb7 6.Bg2 c5 7.O-O cxd4 8.Nxd4 Bxg2
9.Kxg2 Be7 10.e3 a6 11.b3 O-O 12.Bb2 Qc7 13.Qf3 Ra7 14.Rfd1 Rc8  1/2-1/2

[Event "Capablanca mem-D"]
[Site "?"]
[Date "1993.??.??"]
[Round "13"]
[White "Estevez, Guillermo"]
[Black "Rivera, Alberto"]
[Result "1-0"]
[WhiteElo "2340"]
[BlackElo "2395"]

1.d4 Nf6 2.Nf3 e6 3.c4 b6 4.g3 Ba6 5.b3 Bb4+ 6.Bd2 Be7 7.Bg2 d5 8.O-O c6
9.Ne5 Nfd7 10.Nxd7 Nxd7 11.Bc3 O-O 12.Nd2 Rc8 13.e4 b5 14.Re1 dxe4 15.Bxe4 Nf6
16.Bg2 Re8 17.Rc1 Bf8 18.a4 Re7 19.axb5 cxb5 20.Ra1 Bb7 21.Rxa7 Bxg2 22.Rxe7 bxc4
23.bxc4 Nd5 24.Rxf7 Nxc3 25.Rxf8+ Kxf8 26.Qc2 Qxd4 27.Kxg2 Nd5 28.Rxe6 Nf6
29.Qf5  1-0

[Event "Cappelle op"]
[Site "Cappelle la Grande"]
[Date "1993.??.??"]
[Round "2"]
[White "Duer, Arne"]
[Black "Shneider, Aleksandr"]
[Result "0-1"]
[WhiteElo "2390"]
[BlackElo "2540"]

1.c4 Nf6 2.Nf3 e6 3.d4 b6 4.g3 Ba6 5.Nbd2 Bb7 6.Bg2 c5 7.O-O cxd4 8.Nxd4 Bxg2
9.Kxg2 Qc8 10.e3 Nc6 11.Nxc6 Qxc6+ 12.Qf3 Rc8 13.b3 Bb4 14.Rd1 Qxf3+ 15.Nxf3 d5
16.cxd5 Nxd5 17.Bd2 Ba3 18.Rab1 O-O 19.Nd4 a6 20.Be1 g6 21.Kf3 b5 22.e4 Nc3
23.Bxc3 Rxc3+ 24.Ke2 Rd8 25.Rd2 Bc1 26.Rd1 Ba3 27.Rd2 Bb4 28.a3 Ba5 29.b4 Bb6
30.Rb3 Rc4 31.Nf3 Rxe4+ 32.Kf1 Rxd2 33.Nxd2 Rd4 34.Ke2 Rd5 35.f4 Bd4 36.Ne4 f5
37.Ng5 e5 38.Rb1 exf4 39.gxf4 Bf6 40.Rc1 Bxg5 41.fxg5 Rd4 42.Rc8+ Kf7 43.Rc7+ Ke6
44.Rxh7 f4 45.Ra7 Rd6 46.Kf3 Kf5 47.Rf7+ Kxg5 48.Rxf4 Rd3+ 49.Ke4 Rxa3 50.h4+ Kh5
51.Kd4 Rh3 52.Kc5 Rxh4 53.Rf1 Rc4+ 54.Kb6 Rxb4 55.Kxa6 g5 56.Kb6 g4 57.Kc5 Rb3
58.Rf8 g3 59.Rg8 Kh4 60.Kd4 Kh3 61.Ke4 g2 62.Kf4 Kh2  0-1

[Event "Cappelle op"]
[Site "Cappelle la Grande"]
[Date "1993.??.??"]
[Round "5"]
[White "Murdzia, Piotr"]
[Black "Stefansson, Hannes"]
[Result "1/2-1/2"]
[WhiteElo "2365"]
[BlackElo "2495"]

1.d4 Nf6 2.Nf3 e6 3.c4 b6 4.g3 Ba6 5.b3 Bb7 6.Bg2 Bb4+ 7.Bd2 a5 8.O-O O-O
9.a3 Bxd2 10.Qxd2 Ne4 11.Qe3 d5 12.Nc3 Nd6 13.Nb5 Nxb5 14.cxb5 c6 15.bxc6 Nxc6
16.Rfc1 Qd6 17.Ne5 Ne7 18.Qd2 Rfc8 19.Qb2 Ba6  1/2-1/2

[Event "Cappelle op"]
[Site "Cappelle la Grande"]
[Date "1993.??.??"]
[Round "9"]
[White "Chuchelov, Vladimir"]
[Black "Stefansson, Hannes"]
[Result "1-0"]
[WhiteElo "2500"]
[BlackElo "2495"]

1.d4 Nf6 2.c4 e6 3.Nf3 b6 4.g3 Ba6 5.b3 Bb7 6.Bg2 Bb4+ 7.Bd2 a5 8.O-O O-O
9.Bc3 d5 10.cxd5 Bxd5 11.a3 Be7 12.Bb2 Nbd7 13.Nc3 Bb7 14.Qc2 c5 15.e4 cxd4
16.Nxd4 Rc8 17.Ndb5 Ba6 18.Qe2 Bd6 19.Rfd1 Be5 20.Qd2 Qe7 21.Nd6 Rc6 22.Ncb5 Bxb2
23.Qxb2 Rc5 24.b4 Rxb5 25.Nxb5 Bxb5 26.bxa5 Ba6 27.axb6 Rb8 28.Qb4 Qxb4 29.axb4 Bb7
30.Ra7 e5 31.Bh3 Nf8 32.f3 g5 33.Bf5 g4 34.fxg4 Bxe4 35.Bxe4 Nxe4 36.b7 Nf6
37.Rc1 N6d7 38.Rc8 f6 39.Kf2 Kf7 40.Ke3 Ke7 41.Ke4 Kd6 42.Kf5 Ke7 43.h4 Kf7
44.Rc7 Ke7 45.Ra8 Kd6 46.Rc8 Rxb7 47.Rxf8 Nxf8 48.Rxf8 e4 49.Rxf6+ Kd5 50.Kf4 Rxb4
51.Rf7 h6 52.Rd7+ Kc5 53.Re7  1-0

[Event "Cattolica"]
[Site "Cattolica"]
[Date "1993.??.??"]
[Round "5"]
[White "Novikov, Igor A"]
[Black "Fusthy, Zsolt"]
[Result "1-0"]
[WhiteElo "2545"]
[BlackElo "2320"]

1.d4 Nf6 2.c4 e6 3.Nf3 b6 4.g3 Ba6 5.b3 Bb4+ 6.Bd2 Be7 7.Bg2 c6 8.Bc3 d5
9.Ne5 Nfd7 10.Nxd7 Nxd7 11.Nd2 Nf6 12.O-O O-O 13.e4 b5 14.Re1 dxe4 15.Qc2 Rc8
16.Rad1 Nd5 17.Bxe4 Nxc3 18.Qxc3 Bf6 19.Qc2 bxc4 20.bxc4 Bxd4 21.Nb3 c5 22.Bxh7+ Kh8
23.Re4 g6 24.Nxd4 cxd4 25.Rdxd4 Qg5 26.Bxg6 fxg6 27.Rxe6 Bb7 28.Rd7  1-0

[Event "CZE-chT"]
[Site "?"]
[Date "1993.??.??"]
[Round "?"]
[White "Subrt, Jaroslav"]
[Black "Berzinsh, Roland"]
[Result "1/2-1/2"]
[WhiteElo "2205"]
[BlackElo "2370"]

1.d4 Nf6 2.c4 e6 3.Nf3 b6 4.g3 Ba6 5.Qa4 c6 6.Nc3 b5 7.cxb5 cxb5 8.Nxb5 Qb6
9.e3 Bb7 10.Be2 Bc6 11.Qb3 Qb7 12.e4 Nxe4 13.Bf4 Na6 14.O-O Be7 15.Ne5 Bd5
16.Qa4 O-O 17.Nc3 Nxc3 18.bxc3 Nb8 19.Rab1 Qc8 20.c4 Be4 21.Bf3 Bxf3 22.Nxf3 d6
23.c5 dxc5 24.Bxb8 Rxb8 25.Qxa7 Re8 26.Rfc1 Rxb1 27.Rxb1 cxd4 28.Qxd4 Qc2
29.Qb2 Qxb2 30.Rxb2 Ra8 31.Rc2 f5 32.Nd4 Kf7 33.Rc7 Kf6 34.Rc6 Kf7 35.Rc7 Kf6
36.Rc6  1/2-1/2